<?xml version="1.0" encoding="UTF-8"?>
<record
    xmlns:xsi="http://www.w3.org/2001/XMLSchema-instance"
    xsi:schemaLocation="http://www.loc.gov/MARC21/slim http://www.loc.gov/standards/marcxml/schema/MARC21slim.xsd"
    xmlns="http://www.loc.gov/MARC21/slim">

  <leader>01047nam a2200289 u 4500</leader>
  <controlfield tag="001">000000355032</controlfield>
  <controlfield tag="003">IT-MiSPE</controlfield>
  <controlfield tag="005">20210414160957.0</controlfield>
  <controlfield tag="008">070423s2007    it b          001 ucita d</controlfield>
  <datafield tag="020" ind1=" " ind2=" ">
    <subfield code="a">9788816304406</subfield>
  </datafield>
  <datafield tag="040" ind1=" " ind2=" ">
    <subfield code="a">IT-MiSPE</subfield>
    <subfield code="b">ita</subfield>
    <subfield code="c">IT-MiSPE</subfield>
  </datafield>
  <datafield tag="082" ind1=" " ind2=" ">
    <subfield code="a">270.092-LAB ju st (axa 23306)</subfield>
  </datafield>
  <datafield tag="100" ind1="1" ind2=" ">
    <subfield code="a">Laboa, Juan Mar&#xED;a,</subfield>
    <subfield code="d">1939-</subfield>
    <subfield code="9">58857</subfield>
  </datafield>
  <datafield tag="240" ind1="1" ind2="0">
    <subfield code="a">Historia de los Papas.</subfield>
    <subfield code="l">Italiano</subfield>
  </datafield>
  <datafield tag="245" ind1="1" ind2="3">
    <subfield code="a">La storia dei Papi :</subfield>
    <subfield code="b">tra il regno di Dio e le passioni terrene /</subfield>
    <subfield code="c">Juan Mar&#xED;a Laboa.</subfield>
  </datafield>
  <datafield tag="260" ind1=" " ind2=" ">
    <subfield code="a">Milano :</subfield>
    <subfield code="b">Jaca Book,</subfield>
    <subfield code="c">2007.</subfield>
  </datafield>
  <datafield tag="300" ind1=" " ind2=" ">
    <subfield code="a">542 p. :</subfield>
    <subfield code="b">c. geogr. ;</subfield>
    <subfield code="c">25 cm</subfield>
  </datafield>
  <datafield tag="490" ind1="1" ind2=" ">
    <subfield code="a">Gi&#xE0; e non ancora ;</subfield>
    <subfield code="v">440</subfield>
  </datafield>
  <datafield tag="490" ind1="1" ind2=" ">
    <subfield code="a">Complementi alla storia della Chiesa</subfield>
  </datafield>
  <datafield tag="500" ind1=" " ind2=" ">
    <subfield code="a">Tit. orig.: Historia de los Papas</subfield>
  </datafield>
  <datafield tag="504" ind1=" " ind2=" ">
    <subfield code="a">Bibliografia (pp. 487-526) e indice</subfield>
  </datafield>
  <datafield tag="655" ind1=" " ind2="7">
    <subfield code="a">Storia ecclesiastica. Generalit&#xE0;</subfield>
    <subfield code="x">Storia generale dei Papi (italiano)</subfield>
    <subfield code="2">local</subfield>
    <subfield code="9">58858</subfield>
  </datafield>
  <datafield tag="830" ind1=" " ind2="0">
    <subfield code="a">Gi&#xE0; e non ancora ;</subfield>
    <subfield code="v">440.</subfield>
    <subfield code="9">58859</subfield>
  </datafield>
  <datafield tag="830" ind1=" " ind2="0">
    <subfield code="a">Complementi alla storia della Chiesa.</subfield>
    <subfield code="9">58860</subfield>
  </datafield>
  <datafield tag="942" ind1=" " ind2=" ">
    <subfield code="2">ddc</subfield>
    <subfield code="c">BK</subfield>
  </datafield>
  <datafield tag="999" ind1=" " ind2=" ">
    <subfield code="c">359232</subfield>
    <subfield code="d">359232</subfield>
  </datafield>
  <datafield tag="952" ind1=" " ind2=" ">
    <subfield code="0">0</subfield>
    <subfield code="1">0</subfield>
    <subfield code="2">ddc</subfield>
    <subfield code="4">0</subfield>
    <subfield code="6">270_000000000000000_092LAB_JU_ST_AXA_23306</subfield>
    <subfield code="7">1</subfield>
    <subfield code="a">CINISELLO</subfield>
    <subfield code="b">CINISELLO</subfield>
    <subfield code="d">2021-04-14</subfield>
    <subfield code="l">0</subfield>
    <subfield code="o">270.092-LAB ju st (axa 23306)</subfield>
    <subfield code="p">9788816304406</subfield>
    <subfield code="r">2021-04-14 00:00:00</subfield>
    <subfield code="w">2021-04-14</subfield>
    <subfield code="y">BK</subfield>
  </datafield>
</record>
